000 00384 a2200121 4500
001 ART_8725
005 20260410161844.0
008 260409a
245 1 0 _aEl desarrollo desde el punto de vista interdisciplinario
100 1 _aFurtado, Celso
700 1 _aSalazar, Graciela
773 0 _tEl trimestre económico
_g- Vol. XLVI, Nº 181 (ene./mar. 1979)
_wREV6933
999 _c24404
_d24404